00966nam a22002657a 450000500170000000800410001702000180005802000180007602000180009404000480011204100080016006000110016810000250017924501450020426000620034930000260041149000520043750400530048965000200054265000270056265000430058965000300063265000220066270000160068420220808104826.0220808s2022 enk |||gr|||| 00| 0 eng d a9781032121130 a9780367893316 a9781003223115 aCO-BoUCMbspacDeissy GarciadDeissy Garcia0 aeng aWM 1401 aScanlon, Christopher10aPsycho-social explorations of trauma, exclusion and violencebun-housed minds and inhospitable environmentscChristopher Scanlon, John Adlam aAbingdon, Oxon (Reino Unido)aNueva YorkbRoutledgec2022 axxviii, 185 páginas0 aThe new international library of group analysis aIncluye referencias bibliográficas e índices 7aJusticia social 7aJusticia restaurativa  0aTrastornos de estrés postraumático 7aPsicoanálisis de grupo  7aTerapia de grupo 1 aAdlam, John